00597nam a2200157 a 450000100100000000500170001000800410002704000250006808200160009310000250010924501700013426000670030430000220037170000210039370000250041400003509520200930074112.0111025s1909 sp 000 0 spa d aDO-SdBNPbspacBNPHU axxxxbM779p1 aMonetesinos, Eduardo10aPura la cantaora :bsainete lírico en un acto, dividido en cinco cuadros, en versos y prosa, original /cEduardo Monetesinos, Fernando Porset; música Pablo Luna. aMadrid :bR. Velasco, impresor, Marqués de Santa Ana,c1909. a[47 p.] ;c20 cm.12aPorset, Fernando12aLuna, Pablo,emús.